000 00687nam a22002657a 4500
003 OSt
005 20251101150335.0
008 251101b |||||||| |||| 00| 0 eng d
040 _cSTCPL
041 _aENG
100 _aPankaj Kumar
245 _aEducation for the visually impared
246 _aYJNE
_fVol.69; No.10 -
_gOctober 2025.
_hpp. 11-15
630 _aEDU
650 _aIndia
650 _aMultidisciplinary approach
650 _aChildren with special needs
650 _aBlind
650 _aCreativity
650 _aIndian knewledge system
650 _aSkill-based education
650 _aModern education
942 _cARTICLE
942 _2ddc
_n0
999 _c87244
_d87244